Spring in Washington
Spremljeno u:
| Glavni autor: | |
|---|---|
| Format: | Knjiga |
| Jezik: | Undetermined |
| Izdano: |
New York
Harper and Brothers
1957
|
| Teme: | |
| Oznake: |
Dodaj oznaku
Bez oznaka, Budi prvi tko označuje ovaj zapis!
|
| Thư viện lưu trữ: | Trung tâm Học liệu Trường Đại học Cần Thơ |
|---|
| LEADER | 00503nam a2200181Ia 4500 | ||
|---|---|---|---|
| 001 | CTU_10405 | ||
| 008 | 210402s9999 xx 000 0 und d | ||
| 082 | |a 917.09 | ||
| 082 | |b H183 | ||
| 100 | |a Louis J Halle | ||
| 245 | 0 | |a Spring in Washington | |
| 245 | 0 | |c Louis J Halle | |
| 260 | |a New York | ||
| 260 | |b Harper and Brothers | ||
| 260 | |c 1957 | ||
| 650 | |a nature history,washington - description and travel | ||
| 904 | |i Minh, 961009 | ||
| 980 | |a Trung tâm Học liệu Trường Đại học Cần Thơ | ||